000 00972nam a22003257a 4500
001 BR8106034
003 BR-BrBNA
005 20230928091048.0
007 ta
008 230509b bl.||||| |||| 00| 0 por d
040 _aBR-BrBNA
_bpor
_cBiblioteca Nacional de Agricultura
041 _a(Por)
072 _aF00; E15; E70
_b0300
_b0332
_b0430
_b0336
_b0334
_b/G514
090 _ 0300 BR8106034
110 1 _aBanco Regional de Desenvolvimento do Extremo Sul, Curitiba, PR (Brasil). Gerencia de Planejamento
_91225
245 1 _aProjecoes da producao nacional de oleaginosas [Brasil]
_bRelatorio 001/81
260 3 _aCuritiba, PR (Brasil):
_c1981.
300 _a52 p.
500 _aNumerical data
650 _aPLANTA OLEAGINOSA
650 _aSOJA
650 _aALGODAO
650 _aAMENDOIM
650 _aCOLZA
650 _aCOMERCIALIZACAO
650 _aESTATISTICA DE PRODUCAO
650 _aPARANA
909 _a202309
_bLucia
_c55
_dLucia Elande
942 _cBK
999 _c32013
_d32013